[Event "Bratislava Doprastav op"]
[Site "Bratislava"]
[Date "2006.06.28"]
[Round "6"]
[White "Mikita, Jozef"]
[Black "Bednar, Jan"]
[Result "1-0"]
[WhiteElo "2263"]
[BlackElo "2146"]
[PlyCount "79"]
[EventDate "2006.06.24"]
[EventType "swiss"]
[EventRounds "9"]
[EventCountry "SVK"]
[SourceTitle "EXT 2008"]
[Source "ChessBase"]
[SourceDate "2007.11.25"]
[SourceVersion "1"]
[SourceVersionDate "2007.11.25"]
[SourceQuality "1"]

1. e4 e5 2. Nf3 Nc6 3. Bb5 a6 4. Ba4 Nf6 5. 0-0 Be7 6. Re1 b5 7. Bb3 0-0 8. c3 d6 9. h3 Bb7 10. d4 Re8 11. Ng5 Rf8 12. Nf3 Re8 13. Nbd2 Bf8 14. d5 Nb8 15. Nf1 h6 16. N3h2 Nbd7 17. Ng4 Nc5 18. Bc2 c6 19. b4 Ncd7 20. dxc6 Bxc6 21. Ng3 d5 22. exd5 Bxd5 23. Nh5 Nxg4 24. Qxd5 Ngf6 25. Qd3 e4 26. Nxf6+ Nxf6 27. Qxd8 Raxd8 28. a4 Nd5 29. axb5 axb5 30. Bb2 e3 31. Rad1 Bd6 32. Rxd5 Bh2+ 33. Kxh2 Rxd5 34. Bc1 g6 35. Rxe3 Rc8 36. Rf3 h5 37. Bb3 Rd7 38. Bg5 Rc6 39. c4 bxc4 40. Ba4 1-0

[Event "Bratislava Doprastav op"]
[Site "Bratislava"]
[Date "2006.06.25"]
[Round "3"]
[White "Pinter, Erik"]
[Black "Mikita, Jozef"]
[Result "1/2-1/2"]
[WhiteElo "2389"]
[BlackElo "2263"]
[PlyCount "28"]
[EventDate "2006.06.24"]
[EventType "swiss"]
[EventRounds "9"]
[EventCountry "SVK"]
[SourceTitle "EXT 2008"]
[Source "ChessBase"]
[SourceDate "2007.11.25"]
[SourceVersion "1"]
[SourceVersionDate "2007.11.25"]
[SourceQuality "1"]

1. e4 e5 2. Nf3 Nc6 3. Bb5 Nf6 4. 0-0 Bc5 5. Nxe5 Nxe5 6. d4 Qe7 7. dxc5 Qxc5 8. Qe2 a6 9. Ba4 0-0 10. Bb3 d6 11. Be3 Qa5 12. Bd2 Qc5 13. Be3 Qa5 14. Bd2 Qc5 1/2-1/2

[Event "Bratislava Doprastav op"]
[Site "Bratislava"]
[Date "2005.06.30"]
[Round "7"]
[White "Mikita, Jozef"]
[Black "Rohacek, Miroslav"]
[Result "1/2-1/2"]
[WhiteElo "2209"]
[BlackElo "2242"]
[PlyCount "78"]
[EventDate "2005.06.25"]
[EventType "swiss"]
[EventRounds "9"]
[EventCountry "SVK"]
[SourceTitle "EXT 2006"]
[Source "ChessBase"]
[SourceDate "2005.11.24"]
[SourceVersion "1"]
[SourceVersionDate "2005.11.24"]
[SourceQuality "1"]

1. e4 Nf6 2. Nc3 d5 3. exd5 Nxd5 4. Bc4 Nb6 5. Bb3 c5 6. d3 Nc6 7. Qh5 e6 8. Bg5 Be7 9. Nf3 0-0 10. 0-0 Nd7 11. Rae1 Bxg5 12. Nxg5 Nf6 13. Qh4 b6 14. Re3 Nd4 15. Nce4 h6 16. Nxf6+ Qxf6 17. Qe4 Qxg5 18. Qxa8 Bd7 19. Qxa7 Bc6 20. Rg3 Ne2+ 21. Kh1 Qh5 22. Qc7 Nxg3+ 23. Qxg3 Bd5 24. Re1 Bxb3 25. axb3 Qd5 26. Re4 Ra8 27. h4 Ra2 28. Kh2 Rxb2 29. Rg4 Rxc2 30. Rxg7+ Kf8 31. Rg8+ Ke7 32. Rc8 Qf5 33. f3 Rd2 34. Rb8 Rxd3 35. Rxb6 Kf6 36. b4 Rd4 37. bxc5 Qxc5 38. Rb8 Qh5 39. Kh3 Qf5+ 1/2-1/2

[Event "Bratislava Doprastav op"]
[Site "Bratislava"]
[Date "2005.06.27"]
[Round "5"]
[White "Snorek, Milan"]
[Black "Mikita, Jozef"]
[Result "0-1"]
[WhiteElo "2236"]
[BlackElo "2207"]
[PlyCount "126"]
[EventDate "2005.06.25"]
[EventType "swiss"]
[EventRounds "9"]
[EventCountry "SVK"]
[SourceTitle "EXT 2006"]
[Source "ChessBase"]
[SourceDate "2005.11.24"]
[SourceVersion "1"]
[SourceVersionDate "2005.11.24"]
[SourceQuality "1"]

1. Nf3 Nf6 2. b3 d5 3. Bb2 Bf5 4. g3 e6 5. Bg2 Nbd7 6. d3 Bd6 7. Nh4 Bg4 8. h3 Bh5 9. g4 Bg6 10. e3 c6 11. Nd2 e5 12. Qe2 Qe7 13. e4 h6 14. Nxg6 fxg6 15. a3 d4 16. 0-0 g5 17. Nc4 Nc5 18. b4 Ne6 19. c3 b5 20. Na5 dxc3 21. Bxc3 Rc8 22. Rfd1 0-0 23. Nb3 Nf4 24. Qe3 Bc7 25. Nc5 Bb6 26. d4 Nd7 27. Rac1 Rf7 28. Bb2 exd4 29. Bxd4 Ne5 30. Bxe5 Qxe5 31. Rd2 Re8 32. f3 Ne6 33. Rdd1 Ref8 34. Qc3 Qg3 35. Qe1 Bxc5+ 36. bxc5 Rxf3 37. Qxg3 Rxg3 38. Kh2 Rxa3 39. Rd6 Nf4 40. Bf1 Rf6 41. e5 Re6 42. Rcd1 Rc3 43. Rxe6 Nxe6 44. Rd6 Kf7 45. Rxc6 Rxc5 46. Ra6 Rxe5 47. Rxa7+ Kf6 48. Rb7 Nd4 49. Kg3 Re3+ 50. Kf2 Rb3 51. Rb6+ Ke5 52. Rb7 b4 53. Re7+ Kd6 54. Rxg7 Rf3+ 55. Kg2 b3 56. Rb7 Rc3 57. Kf2 Kc5 58. Bg2 Rc2+ 59. Kg3 Rxg2+ 60. Kxg2 Nb5 61. Rf7 b2 62. Rf1 Nc3 63. Kf3 Kd4 0-1

[Event "SVK-chT 0405"]
[Site "Slovakia"]
[Date "2005.01.30"]
[Round "7"]
[White "Mikita, Jozef"]
[Black "Drtina, Milan"]
[Result "0-1"]
[WhiteElo "2209"]
[BlackElo "2301"]
[PlyCount "95"]
[EventDate "2004.11.13"]
[EventType "team-tourn"]
[EventRounds "11"]
[EventCountry "SVK"]
[SourceTitle "EXT 2019"]
[Source "ChessBase"]
[SourceDate "2018.10.10"]
[SourceVersion "1"]
[SourceVersionDate "2018.10.10"]
[SourceQuality "1"]
[WhiteTeam "Nitra"]
[BlackTeam "Hlohovec"]
[WhiteTeamCountry "SVK"]
[BlackTeamCountry "SVK"]

1. e4 e5 2. Nf3 Nc6 3. Bc4 d6 4. d4 Bg4 5. h3 Bh5 6. d5 Nb8 7. Bd3 Be7 8. g4 Bg6 9. h4 h6 10. h5 Bh7 11. Nc3 Nd7 12. Be3 c5 13. Rg1 a6 14. g5 hxg5 15. Nxg5 Bxg5 16. Bxg5 Ngf6 17. Qf3 b5 18. a3 c4 19. Bf1 Qa5 20. Bxf6 gxf6 21. Rb1 Ke7 22. Bh3 Nc5 23. Ke2 Na4 24. Na2 Nc5 25. Nb4 Rac8 26. Bf5 Bxf5 27. Qxf5 Qa4 28. Rg7 Rhf8 29. Rc1 c3 30. bxc3 a5 31. Nc6+ Rxc6 32. dxc6 Qc4+ 33. Kf3 Qxc3+ 34. Kg2 Ne6 35. h6 Qxc6 36. Rh1 Qxc2 37. Rg4 Nd4 38. Qh5 Qe2 39. Rh3 Ne6 40. h7 Rh8 41. Qf5 Nd4 42. Qh5 b4 43. axb4 axb4 44. Re3 Rxh7 45. Rxe2 Rxh5 46. Ra2 f5 47. exf5 Rxf5 48. Rb2 0-1

[Event "SVK-chT 0405"]
[Site "Slovakia"]
[Date "2005.01.08"]
[Round "5"]
[White "Mikita, Jozef"]
[Black "Brestak, Jan"]
[Result "1-0"]
[WhiteElo "2209"]
[BlackElo "2219"]
[PlyCount "79"]
[EventDate "2004.11.13"]
[EventType "team-tourn"]
[EventRounds "11"]
[EventCountry "SVK"]
[SourceTitle "EXT 2019"]
[Source "ChessBase"]
[SourceDate "2018.10.10"]
[SourceVersion "1"]
[SourceVersionDate "2018.10.10"]
[SourceQuality "1"]
[WhiteTeam "Nitra"]
[BlackTeam "Nove Zamky Basta"]
[WhiteTeamCountry "SVK"]
[BlackTeamCountry "SVK"]

1. e4 e5 2. Nf3 Nc6 3. Bc4 Nf6 4. d3 Bc5 5. c3 d6 6. b4 Bb6 7. a4 a6 8. 0-0 Qe7 9. Nbd2 Bd7 10. Bb3 Ba7 11. Nc4 Ng4 12. Ra2 h5 13. b5 Nd8 14. d4 Be6 15. dxe5 dxe5 16. h3 f6 17. Nh4 Qf7 18. Qd3 Bc5 19. Rd1 Nh6 20. Bxh6 gxh6 21. Nf5 Qg6 22. Na5 Rg8 23. Nh4 Qf7 24. Rad2 Bd6 25. Bxe6 Nxe6 26. Nxb7 Qd7 27. Nxd6+ cxd6 28. Qxd6 Qxd6 29. Rxd6 Nc5 30. Rxf6 axb5 31. axb5 Nxe4 32. Re6+ Kf7 33. Rxe5 Nxc3 34. Rd3 Ra1+ 35. Kh2 Rc1 36. Rf3+ Kg7 37. Re7+ Kh8 38. Rff7 Rg5 39. Rf8+ Rg8 40. Ng6# 1-0

[Event "SVK-chT1W 0506"]
[Site "Slovakia"]
[Date "2005.??.??"]
[Round "?"]
[White "Mikita, Jozef"]
[Black "Smolen, Jan"]
[Result "1-0"]
[WhiteElo "2250"]
[BlackElo "2320"]
[PlyCount "73"]
[EventDate "2005.10.15"]
[EventType "team-tourn"]
[EventRounds "11"]
[EventCountry "SVK"]
[SourceTitle "EXT 2008"]
[Source "ChessBase"]
[SourceDate "2007.11.25"]
[SourceVersion "1"]
[SourceVersionDate "2007.11.25"]
[SourceQuality "1"]

1. e4 c5 2. Nf3 Nc6 3. d4 cxd4 4. Nxd4 e6 5. Nc3 d6 6. Be2 Nf6 7. 0-0 Be7 8. Kh1 0-0 9. f4 a6 10. a4 Bd7 11. Nb3 Na5 12. e5 Ne8 13. Nxa5 Qxa5 14. Ne4 Qc7 15. exd6 Nxd6 16. Nxd6 Bxd6 17. Bd3 Rfd8 18. Be3 Rac8 19. Qh5 g6 20. Qh4 Bc6 21. Bd4 Be7 22. Qf2 Bh4 23. Qe3 Qd7 24. c3 Qd5 25. Qh3 Be7 26. Rae1 Bd6 27. Re3 Bf8 28. f5 exf5 29. Bxf5 Bd7 30. Qh4 Bg7 31. Be4 Qc4 32. Bd3 Qd5 33. Bxg7 Kxg7 34. Qf6+ Kg8 35. c4 Qc6 36. Qxf7+ Kh8 37. Re7 1-0